| 000 | 00531nam a2200181 a 4500 | ||
|---|---|---|---|
| 001 | 000029671 | ||
| 005 | 20200930055723.0 | ||
| 008 | 110419s2003 dr 000 0 spa d | ||
| 040 |
_aDO-SdBNP _bspa _cBNPHU |
||
| 082 |
_axxx _bM385m |
||
| 100 | 1 |
_aMartínez, Milagros _956471 |
|
| 245 | 1 | 3 |
_aLa mujer dominicana en la educación superior / _cMilagros Martínez. |
| 260 |
_aSanto Domingo : _bGraphic Colonial, _c2003. |
||
| 300 |
_a21 p. ; _c22 cm. |
||
| 490 | 1 |
_aMujer y paz _v1 |
|
| 830 | 0 |
_aMujer y paz _v1 _956472 |
|
| 049 | _aBNPD | ||
| 999 |
_c29163 _d29163 |
||